Tennis [

Bibliographic Details
Format: Book
Subjects:

MARC

LEADER 00000cam a2200000 7i4500
001 0000017841
005 20061130.0
040 |a INS 
090 0 0 |a GV 995 
245 0 0 |a Tennis [  |h video recording] 
300 |a 1 Video cassette (VHS) :   |b sd., col. ;   |c 1/2 in. 
650 0 0 |a Tennis 
999 |a VHS228   |b VIDEO   |c Media Collection   |e Default branch